| 000 | 00675nam a2200253Ia 4500 | ||
|---|---|---|---|
| 008 | 170203s9999 xx 000 0 und d | ||
| 020 | _a1840441917 | ||
| 050 | _a0 30 | ||
| 050 | _bC366s 1998 | ||
| 100 | _aCato, Sheila. | ||
| 245 | _aMultiplication / | ||
| 245 | _cby Sheila Cato ; illustrations by Sami Sweeten. | ||
| 260 | _aLondon : | ||
| 260 | _bThe Brown Reference group plc. | ||
| 260 | _c1998 | ||
| 300 | _a32 pages : | ||
| 300 | _bcolor illustrations, | ||
| 300 | _c27 cm. | ||
| 440 | _aQuestion of math. | ||
| 650 | _aMultiplication -- | ||
| 650 | _aMultiplication. | ||
| 650 | _xJuvenile literature. | ||
| 700 | _aSweeten, Sami, Illustrator. | ||
| 999 |
_c305655 _d305655 |
||